Statistics for Denver Nuggets Best Team By Decade

Click here to take the quiz!

General Stats

  • This quiz has been taken 76 times
    (37 since last reset)
  • The average score is 13 of 28

Answer Stats

SeasonPlayer% Correct
2018-19, 2022-23Nikola Jokić
100%
2008-09Carmelo Anthony
97%
2018-19, 2022-23Jamal Murray
94%
1984-85Alex English
86%
2022-23Michael Porter Jr.
86%
2022-23Aaron Gordon
80%
1993-94Dikembe Mutombo
80%
2022-23Kentavious Caldwell-Pope
71%
1977-78David Thompson
63%
2018-19Gary Harris
63%
2008-09Chauncey Billups
60%
1984-85Fat Lever
57%
1977-78Dan Issel
54%
2008-09Nenê
51%
2018-19Paul Millsap
51%
1993-94Mahmoud Abdul-Rauf
37%
2008-09Kenyon Martin
31%
1993-94Reggie Williams
31%
1977-78Bobby Jones
29%
2008-09Dahntay Jones
29%
1993-94LaPhonso Ellis
29%
1993-94Bryant Stith
14%
1984-85Calvin Natt
9%
2018-19Torrey Craig
9%
1977-78Anthony Roberts
6%
1984-85Wayne Cooper
6%
1977-78Bob Wilkerson
3%
1984-85T.R. Dunn
3%

Score Distribution

Percentile by Number Answered

Percent of People with Each Score

Your Score History

You have not taken this quiz since the last reset